Aida (Record no. 458544)

000 -CABECERA
Campo de control de longitud fija 00667nam a22002057a 4500
001 - NÚMERO DE CONTROL
Campo de control 103180
003 - IDENTIFICADOR DEL NÚMERO DE CONTROL
Campo de control ES-SlBCS
005 - FECHA Y HORA DE LA ÚLTIMA TRANSACCIÓN
Campo de control 20210327224056.0
008 - CÓDIGOS DE INFORMACIÓN DE LONGITUD FIJA
Campo de control de longitud fija 141211s1972 sp ||||| |||| 00| 0 spa d
017 ## - NÚMERO DE COPYRIGHT O DE DEPÓSITO LEGAL
Número de copyright o de depósito legal O. 333-1972
040 ## - FUENTE DE LA CATALOGACIÓN
Centro catalogador del origen ES-SlBCS
Lengua de catalogación spa
Normas de descripción rdc
100 1# - PUNTO DE ACCESO PRINCIPAL-NOMBRE DE PERSONA
Nombre de persona Verdi, Giuseppe
Fechas asociadas al nombre 1813-1901
9 (RLIN) 90811
245 10 - MENCIÓN DE TÍTULO
Título Aida
Mención de responsabilidad, etc. de Giuseppe Verdi ; melodrama en cuatro actos de A. Ghislanzoni
260 ## - PUBLICACIÓN, DISTRIBUCIÓN, ETC... (PIE DE IMPRENTA)
Lugar de publicación, distribución, etc. Oviedo :
Nombre del editor, distribuidor, etc. Ayuntamiento de Oviedo,
Fecha de publicación, distribución, etc. 1972
300 ## - DESCRIPCIÓN FÍSICA
Extensión 40 p. ;
Dimensiones 22 cm
500 ## - NOTA GENERAL
Nota general "XXV temporada oficial de Ópera. Del 15 al 25 de Setiembre 1972"
650 04 - PUNTO DE ACCESO ADICIONAL DE MATERIA-TÉRMINO DE MATERIA
Término de materia o nombre geográfico como elemento inicial Óperas
Subdivisión de materia general Libretos
9 (RLIN) 95256
700 ## - PUNTO DE ACCESO ADICIONAL-NOMBRE DE PERSONA
Nombre de persona Ghislanzoni, Antonio
Fechas asociadas al nombre 1824-1893
9 (RLIN) 96127
942 ## - ENTRADA DE ELEMENTOS AGREGADOS (KOHA)
Fuente de clasificaión o esquema
Koha [por defecto] tipo de item Libros
Holdings
Suprimido Perdido Fuente de clasificación o esquema Estropeado No para préstamo Código de colección Localización permanente Localización actual Localización en estantería Fecha adquisición Préstamos totales Signatura completa Número de Registro / Código de Barras Fecha última consulta Fecha del precio de reemplazo Tipo de item de Koha
          Fondo Tresguerres San Esteban San Esteban Depósito de libros 11/12/2014   F.TRES 360 103180 11/12/2014 11/12/2014 Libros

Bibliotecas Dominicos Provincia Hispania, 2016

Con tecnología Koha